Koran (Record no. 811)

MARC details
000 -LEADER
fixed length control field 00561nam a2200241 a 4500
020 ## - INTERNATIONAL STANDARD BOOK NUMBER
ISBN
082 00 - DEWEY DECIMAL CLASSIFICATION NUMBER
Classification number 297.122521
Author Cutter ROD
100 ## - MAIN ENTRY--AUTHOR NAME
Author name Rodwell, J M
245 ## - TITLE STATEMENT
Title Koran
260 ## - PUBLICATION, DISTRIBUTION, ETC. (IMPRINT)
Place of publication London
Name of publisher J. M. Dent & Sons Ltd
Year of publication 1921
300 ## - PHYSICAL DESCRIPTION
Number of Pages 556p
500 ## - GENERAL NOTE
General note includes index and biblioraphy
505 2# - FORMATTED CONTENTS NOTE
Formatted contents note Index
650 ## - SUBJECT ADDED ENTRY--TOPICAL TERM
Topical Term Quran-Translation-English
942 ## - ADDED ENTRY ELEMENTS (KOHA)
Koha item type Books
700 1# -
-- Rodwell, J M
Holdings
Home library Current library Date acquired Cost, normal purchase price Full call number Accession Number Koha item type Shelving location Source of acquisition
Henry Martyn Institute Library Henry Martyn Institute Library 06/21/2018 100.00 297.122521 ROD 00100 Books    
Henry Martyn Institute Library Henry Martyn Institute Library 06/21/2018 100.00 297.122521 ROD 00111 Books    
Henry Martyn Institute Library Henry Martyn Institute Library 06/21/2018 100.00 297.122521 ROD 02650 Books    
Henry Martyn Institute Library Henry Martyn Institute Library 06/21/2018 100.00 297.122521 ROD 05943 Books    
Henry Martyn Institute Library Henry Martyn Institute Library 06/21/2018 100.00 297.122521 ROD 010746 Books    
Henry Martyn Institute Library Henry Martyn Institute Library 06/21/2018 100.00 297.122521 ROD 016172 Books    
Henry Martyn Institute Library Henry Martyn Institute Library 09/13/2023 100.00 297.122521 ROD 11004754 Books General stacks Netherlands
                   Copyright © 2026 | Henry Martyn Institute | Hyderabad | TS-500052 | INDIA | Implemented by hmi.edu.in
Hit-Count:

Powered by Koha